书目信息 |
| 题名: |
毛泽东思想、邓小平理论和“三个代表”重要思想概论教学案例
|
|
| 作者: | 林祖华 主编 | |
| 分册: | ||
| 出版信息: | 北京 中国时代经济出版社 2006 |
|
| 页数: | 241页 | |
| 开本: | 24cm | |
| 丛书名: | ||
| 单 册: | ||
| 中图分类: | A849 , A84 | |
| 科图分类: | ||
| 主题词: | 邓小平理论--高等学校--教材 , 毛泽东思想--高等学校--教材 , 毛泽东著作--学习 , 毛泽东著作研究 | |
| 电子资源: | ||
| ISBN: | 7-80221-166-2 | |
| 000 | 01048nam0 2200289 450 | |
| 001 | 1231478265 | |
| 005 | 20090929111045.15 | |
| 010 | @a7-80221-166-2@dCNY20.00 | |
| 100 | @a20070713d2006 em y0chiy50 ea | |
| 101 | 0 | @achi |
| 102 | @aCN@b110000 | |
| 105 | @ay z 000yy | |
| 106 | @ar | |
| 200 | 1 | @a毛泽东思想、邓小平理论和“三个代表”重要思想概论教学案例@Amao ze dong sai xiang、 deng xiao ping li lun he “ san ge dai biao ” zhong yao si xiang gai lun jiao xue an li@f林祖华主编 |
| 210 | @a北京@c中国时代经济出版社@d2006 | |
| 215 | @a241页@d24cm | |
| 300 | @a高等院校思想政治理论课配套教材 | |
| 330 | @a本书介绍了马克思主义中国化的历史进程和理论成果、马克思主义中国化的精髓、新民主主义革命的理论与经验等内容。 | |
| 606 | 0 | @a邓小平理论@x高等学校@j教材 |
| 606 | 0 | @a毛泽东思想@x高等学校@j教材 |
| 606 | 0 | @a毛泽东著作@x学习 |
| 606 | 0 | @a毛泽东著作研究 |
| 690 | @aA849@v4 | |
| 690 | @aA84@v4 | |
| 701 | 0 | @a林祖华@c(大学教师)@Alin zu hua@4主编 |
| 801 | 0 | @aCN@b110019@c20061127 |
| 905 | @a10447@dA84@eJY33 | |
| 毛泽东思想、邓小平理论和“三个代表”重要思想概论教学案例/林祖华主编 .-北京:中国时代经济出版社,2006 |
| 241页;24cm |
| 高等院校思想政治理论课配套教材 |
| ISBN 7-80221-166-2:CNY20.00 |
| 本书介绍了马克思主义中国化的历史进程和理论成果、马克思主义中国化的精髓、新民主主义革命的理论与经验等内容。 |
| ● |
| 相关链接 |
|
|
|
|
正题名:毛泽东思想、邓小平理论和"三个代表"重要思想概论教学案例
索取号:A84/JY33
 
预约/预借
| 序号 | 登录号 | 条形码 | 馆藏地/架位号 | 状态 | 备注 |
| 1 | 7809496 | 278094964 | 学院路分馆/ [索取号:A84/JY33] | 在馆 | |
| 2 | 7809497 | 278094973 | 学院路分馆/ [索取号:A84/JY33] | 在馆 |